000 00554nam a2200169 i 4500
001 27211
003 ES-MaACL
005 20250824041714.0
007 t|
008 030113s1886 sp ||||1| spa d
100 1 _aArroyo y Herrera, Carlos de.
_923385
245 1 0 _aNovísima colección legislativa de teatros
_b: manual de consulta /
_cCarlos Arroyo y Herrera.
260 _aLérida :
_b[s.n.,
_c1886] (
_fCasa de Misericordia)
650 4 _aTeatro-
_xDerecho y legislación-
_zEspaña
_917303
852 _aES-MaACL
_jT-478-F-2
999 _c27211
_d27211